000
00308nam a22001457a 4500
008
250426b |||||||| |||| 00| 0 eng d
020
_a
9789389538038
040
_a
04
100
_a
SAMUELSON, P.A
245
_a
ECONOMICS
260
_a
MC GRAW HILL
300
_a
945
650
_a
ECONOMICS
942
_c
06
999
_c
65467
_d
65467